000 00604nam a2200229Ia 4500
003 OSt
005 20221007064142.0
006 a|||||r|||| 00| 0
007 ta
008 221006b |||||||| |||| 00| 0 eng d
024 _a3,104
037 _cTextual
040 _aFLL
_cFLL
_beng
041 _2eng
_aeng
082 _aZ1:218, K7
100 _aFixel Rowland W. Au.
_9685369
245 0 _aLaw of aviation
250 _a4th
260 _aCharlottesville
_bThe Michie Company Virginia
_c1967
942 _hZ1:218, K7
_cTEXL
_2CC
999 _c1133126
_d1133126